000
00474nam a2200145Ia 4500
008
100122s9999 xx 000 0 und d
082
_b
51498
_a
923.254
100
_a
कर्णिक मधु मंगेश
245
_a
दूत पर्जन्याचा
260
_b
नरेंद्र तिडके
_c
1994
300
_a
157
630
_a
दूत पर्जन्याचा
730
_a
दूत पर्जन्याचा
942
_c
BOOK
999
_c
428885
_d
428882